LEADER 00923nam0-22003131i-450- 001 990003345740403321 005 20080516122129.0 035 $a000334574 035 $aFED01000334574 035 $a(Aleph)000334574FED01 035 $a000334574 100 $a20030910d1987----km-y0itay50------ba 101 0 $afre 102 $aFR 105 $ay-------001yy 200 1 $aDictionnaire de la pronunciation française dans sa norme actuelle$fLéon Warnant 210 $aParis$cDucolot$d1987 215 $acxvii, 988 p.$d24 cm 610 0 $aDizionari Francese 676 $a403 700 1$aWarnant,$bLéon$f<1919-1996>$0385049 801 0$aIT$bUNINA$gRICA$2UNIMARC 901 $aBK 912 $a990003345740403321 952 $a403 WAR$b1303$fDECLI 952 $a403 WAR /1$bLINGUE 2029$fDECLI 959 $aDECLI 996 $aDictionnaire de la pronunciation française dans sa norme actuelle$9442673 997 $aUNINA